System analysis and data processng SADP: (Record no. 226668)
[ view plain ]
| 000 -LEADER | |
|---|---|
| fixed length control field | 00688nam a22002297a 4500 |
| 005 - DATE AND TIME OF LATEST TRANSACTION | |
| control field | 20230211101753.0 |
| 008 - FIXED-LENGTH DATA ELEMENTS--GENERAL INFORMATION | |
| fixed length control field | 230211b ||||| |||| 00| 0 eng d |
| 040 ## - CATALOGING SOURCE | |
| Transcribing agency | AL |
| 041 ## - LANGUAGE CODE | |
| Language code of text/sound track or separate title | eng |
| 082 ## - DEWEY DECIMAL CLASSIFICATION NUMBER | |
| Edition number | 23 |
| Classification number | 001.61 |
| Item number | MURS |
| 100 ## - MAIN ENTRY--PERSONAL NAME | |
| Personal name | Saraswathi Murali |
| 100 ## - MAIN ENTRY--PERSONAL NAME | |
| 9 (RLIN) | 71957 |
| 245 ## - TITLE STATEMENT | |
| Title | System analysis and data processng SADP: |
| Remainder of title | For CA final |
| 260 ## - PUBLICATION, DISTRIBUTION, ETC. | |
| Place of publication, distribution, etc. | Chennai |
| Name of publisher, distributor, etc. | Shrinikethan |
| Date of publication, distribution, etc. | ? |
| 300 ## - PHYSICAL DESCRIPTION | |
| Extent | 92p. |
| Other physical details | PB |
| Dimensions | 20x14cm. |
| 365 ## - TRADE PRICE | |
| Price amount | 65.00 |
| Currency code | ₹ |
| Unit of pricing | 65.00 |
| 650 ## - SUBJECT ADDED ENTRY--TOPICAL TERM | |
| Topical term or geographic name entry element | Management Information System |
| 9 (RLIN) | 71952 |
| 650 ## - SUBJECT ADDED ENTRY--TOPICAL TERM | |
| Topical term or geographic name entry element | System Development Process |
| 9 (RLIN) | 71953 |
| 650 ## - SUBJECT ADDED ENTRY--TOPICAL TERM | |
| Topical term or geographic name entry element | Computer Security |
| 9 (RLIN) | 71954 |
| 650 ## - SUBJECT ADDED ENTRY--TOPICAL TERM | |
| Topical term or geographic name entry element | Electronic Commerce |
| 9 (RLIN) | 71955 |
| 700 ## - ADDED ENTRY--PERSONAL NAME | |
| Personal name | MURALI (Saraswathi) |
| 9 (RLIN) | 71956 |
| 942 ## - ADDED ENTRY ELEMENTS (KOHA) | |
| Source of classification or shelving scheme | Dewey Decimal Classification |
| Koha item type | Donated Books |
| Withdrawn status | Lost status | Source of classification or shelving scheme | Damaged status | Not for loan | Collection code | Home library | Current library | Date acquired | Total Checkouts | Full call number | Barcode | Date last seen | Price effective from | Koha item type |
|---|---|---|---|---|---|---|---|---|---|---|---|---|---|---|
| Dewey Decimal Classification | Computer Applications & Animation | St Aloysius Library | St Aloysius Library | 11/24/2014 | 001.61 MURS | D05177 | 02/11/2023 | 02/11/2023 | Donated Books |